| 000 | 01440nam a2200373Ia 4500 | ||
|---|---|---|---|
| 001 | UNACH-14657 | ||
| 003 | OSt | ||
| 005 | 20230323155946.0 | ||
| 007 | ta | ||
| 008 | 221212s ||||fr|||| 00| | spa d | ||
| 020 | _a978-994-293-541-0 | ||
| 040 | _c. | ||
| 041 | 0 | _aspa | |
| 082 | 0 | 4 |
_a330 _bEconomía. |
| 100 | 1 |
_aNaranjo Navas, Christian Paúl, _eautor |
|
| 245 | 1 | 0 | _aEcuador frente a la crisis internacional 1927-1937 |
| 250 | _aPrimera edición | ||
| 264 | 3 | 1 |
_a[Riobamba] : _aAvenida Eloy Alfaro y 10 de Agosto : _aEcuador : _aCampus La Dolorosa : _bUnidad de Publicaciones y de la Propiedad Intelectual Universidad Nacional de Chimborazo, _c2018 |
| 264 | 3 | 1 | _bProducción UNACH |
| 300 |
_a171 páginas : _bimágenes, tablas |
||
| 336 |
_atexto _btxt _2rdacontent |
||
| 337 |
_ano mediado _bn _2rdamedia |
||
| 338 |
_avolumen _bnc _2rdacarrier |
||
| 504 | _aIncluye índice, biografía, anexos. | ||
| 505 | 0 | _aEstudios previos de la gran depresión.-- Ecuador antes de la gran depresión.-- Políticas económicas.-- Apuntes finales. | |
| 650 | 1 | 4 | _aECUADOR |
| 650 | 2 | 4 | _aCRISIS INTERNACIONAL |
| 650 | 2 | 4 | _aEXPORTACIONES |
| 650 | 2 | 4 | _aPOLÍTICAS ECONÓMICAS |
| 650 | 2 | 4 | _aVARIABLES MACROECONÓMICOS |
| 856 | 4 | 0 |
_uhttp://obsinvestigacion.unach.edu.ec/obsrepositorio/archivospdf/Ecuador_frente_a_la%20crisis.pdf _yLibro digital Ecuador frente a la crisis internacional 1927-1937 |
| 942 |
_2ddc _c1 _n0 |
||
| 999 |
_c11011 _d11011 |
||